00403nam a2200181Ia 4500003000900000008004100009040001300050040001300063041000800076100001800084245005900102250001200161260001200173260000900185300001100194300001000205490000600215IT-RoPAU120407s9999 xx 000 0 und d aIT-RoPAU cIT-RoPAU aita aBruno Barilli a"Il sole in trappola Diario del periplo dell’Africa" aFirenze aSansoni c1932 a274 p. c20 cm v1